ਗੁਰੂ ਦਰਸ਼ਨ : (Record no. 109770)

MARC details
000 -LEADER
fixed length control field 01069nam a22002417a 4500
005 - DATE AND TIME OF LATEST TRANSACTION
control field 20170123164142.0
010 ## - LIBRARY OF CONGRESS CONTROL NUMBER
LC control number B-065306
020 ## - INTERNATIONAL STANDARD BOOK NUMBER
Terms of availability 50.00
035 ## - SYSTEM CONTROL NUMBER
System control number B-065306
037 ## - SOURCE OF ACQUISITION
Stock number Cen Lib / Ret
040 ## - CATALOGING SOURCE
Original cataloging agency DPL
Language of cataloging PN
082 ## - DEWEY DECIMAL CLASSIFICATION NUMBER
Classification number 260.35
Item number ਤਰਲੋ
100 ## - MAIN ENTRY--PERSONAL NAME
Personal name ਤਰਲੋਚਨ ਸਿੰਘ
9 (RLIN) 128951
245 ## - TITLE STATEMENT
Title ਗੁਰੂ ਦਰਸ਼ਨ :
Statement of responsibility, etc ਤਰਲੋਚਨ ਸਿੰਘ
Remainder of title ਜੀਵਨੀ ਰਮ ਗੁਰੂ ਸਾਰਿਥਾਨ /
246 ## - VARYING FORM OF TITLE
Title proper/short title Guru darshan : biography of ten sikh gurus
Remainder of title by ਤਿਰਲੋਚਨ ਸਿੰਘ
260 ## - PUBLICATION, DISTRIBUTION, ETC. (IMPRINT)
Place of publication, distribution, etc ਚੰਡੀਗੜ
Name of publisher, distributor, etc ਤਿਰਲੋਚਨ ਪੁਬ੍ਲੀਸ਼ੇਰ੍ਸ
Date of publication, distribution, etc 2002
270 ## - ADDRESS
Address SCO 368, Sector 35-B,
City Chandigarh
300 ## - PHYSICAL DESCRIPTION
Extent 79p.
Dimensions 22(Hb)
650 ## - SUBJECT ADDED ENTRY--TOPICAL TERM
Topical term or geographic name as entry element ਪੰਜਾਬੀ ਸਾਹਿਤ
9 (RLIN) 128952
650 ## - SUBJECT ADDED ENTRY--TOPICAL TERM
Topical term or geographic name as entry element ਪੰਜਾਬੀ ਸਾਹਿਤ - ਰੁਹਾਨੀ ਆਧਾਰਿਤ ਸਿੱਖ ਧਰਮ ਜੀਵਨ
9 (RLIN) 13179
650 ## - SUBJECT ADDED ENTRY--TOPICAL TERM
Topical term or geographic name as entry element Punjabi Literature-Spiritual and Sikh religon life
9 (RLIN) 13180
942 ## - ADDED ENTRY ELEMENTS (KOHA)
Source of classification or shelving scheme Dewey Decimal Classification
Koha item type Punjabi Bks
Classification part 260.35
Call number suffix ਤਰਲੋ
Holdings
Withdrawn status Lost status Damaged status Not for loan Home library Current library Date acquired Source of acquisition Cost, normal purchase price Total Checkouts Full call number Barcode Date last seen Copy number Cost, replacement price Price effective from Koha item type
        Central Library Central Library 06/01/2016 Cen Lib/Ret 50.00   260.35 ਤਰਲੋ B-065306 06/01/2016 1 50.00 15/09/2016 Punjabi Bks

© Delhi Public Library
Hit Counter
free hit counter